Statistics for Countries that Bordered the Russian Empire in 1905 on a Map

Click here to take the quiz!

General Stats

  • This quiz has been taken 1,503 times
    (1,426 since last reset)
  • The average score is 10 of 11

Answers on the Map

Answers color-coded by a green-red scale on the quiz's map according to % correct below.
 

Answer Stats

Countries% Correct
China
99%
Germany
97%
Afghanistan (British Empire)
96%
Persia
96%
Sweden
96%
Austria-Hungary
95%
Norway
95%
Ottoman Empire
94%
Romania
94%
Japan
91%
Korea
89%

Score Distribution

Percentile by Number Answered

Percent of People with Each Score

Your Score History

You have not taken this quiz since the last reset